[Event "FIDE World Cup Europe Swiss playoff"]
[Site "Tornelo INT"]
[Date "2021.05.30"]
[Round "2"]
[White "Indjic, Aleksandar"]
[Black "Martinovic, Sasa"]
[Result "1-0"]
[WhiteElo "2607"]
[BlackElo "2548"]
[PlyCount "77"]
[EventDate "2021.05.30"]
[EventType "swiss (rapid)"]
[EventRounds "9"]
[EventCountry "NET"]
[SourceTitle "CBM 202 Extra"]
[Source "ChessBase"]
[SourceDate "2021.07.31"]
[SourceVersion "1"]
[SourceVersionDate "2021.06.30"]
[SourceQuality "1"]

1. Nf3 d5 2. d3 g6 3. c4 ({RR} 3. c3 Bg7 4. Qa4+ c6 5. e4 Nf6 6. Bf4 Nbd7 7. Nbd2 O-O 8. h3 Nh5 9. Be3 e5 10. g3 f5 11. exd5 f4 12. gxf4 exf4 13. Bd4 Re8+ 14. Kd1 Bxd4 15. Qxd4 c5 16. Qc4 b5 17. Qb3 Rb8 {Indjic,A (2560)-Motylev,A (2663) Moscow 2017 ½-½ (61)}) ({RR} 3. e4 dxe4 4. dxe4 Qxd1+ 5. Kxd1 Bh6 6. Nfd2 e5 7. c3 Nd7 8. b3 a5 9. a4 f6 10. Kc2 Bf8 11. Nc4 Nh6 12. Nba3 Nf7 13. Be2 Bc5 14. f3 c6 15. Rd1 Kd8 16. Rb1 Kc7 17. Ne3 h5 {Nikolov,Y (2106)-Gedajlovic,M (2416) Brasov ROU 2023 ½-½ (63)}) 3... dxc4 ({RR} 3... c6 4. Qa4 dxc4 5. Qxc4 Bg7 6. g3 Nf6 7. Bg2 O-O 8. O-O Nbd7 9. Nbd2 e5 10. Qc2 Re8 11. b3 e4 12. dxe4 Nxe4 13. Nxe4 Bxa1 14. Bg5 f6 15. Bh6 Be5 16. Rd1 Qe7 17. h4 Bc7 18. Nc3 {Indjic,A (2607)-Abdrlauf,E (2338) Chess.com INT 2021 1-0 (47)}) 4. Qa4+ Nc6 $146 ({RR} 4... Nd7 5. Qxc4 Bg7 6. e4 Nb6 7. Qc2 e5 8. h3 Ne7 9. Be3 O-O 10. Be2 Be6 11. O-O Nc6 12. a3 a5 13. b3 h6 14. Nbd2 f5 15. Rac1 Rf7 16. Qb1 Kh7 17. Rc2 Nc8 18. Rfc1 f4 19. Bc5 {Dmitriev,I (2405)-Shcherbakov,R (2555) Maikop 1998 0-1 (53)}) 5. Qxc4 Bg7 6. Nbd2 e5 7. e3 Nge7 8. a3 O-O 9. Be2 Be6 10. Qc2 h6 11. Rb1 Ba2 12. Ra1 Be6 13. O-O a5 14. Rb1 Ba2 15. Ra1 Be6 16. Ne4 b6 17. Bd2 f5 18. Ng3 Qd6 19. b3 Rad8 20. Bc3 g5 21. h3 Bf7 22. Rfc1 Bg6 23. b4 axb4 24. axb4 Nd5 25. e4 Ndxb4 26. Bxb4 Nxb4 27. Qxc7 Nxd3 28. Ra7 Rf7 29. Qxd6 Rxd6 30. Rc8+ Rf8 31. Rxf8+ Bxf8 32. exf5 Bh7 33. Ne4 Nf4 34. Bc4+ Kh8 35. Nxd6 Bxd6 36. g4 Nxh3+ 37. Kg2 Nf4+ 38. Kf1 e4 39. Nd2 1-0

[Event "FIDE World Cup Europe Swiss playoff"]
[Site "Tornelo INT"]
[Date "2021.05.30"]
[Round "3"]
[White "Teclaf, Pawel"]
[Black "Paichadze, Luka"]
[Result "1-0"]
[WhiteElo "2502"]
[BlackElo "2565"]
[PlyCount "57"]
[EventDate "2021.05.30"]
[EventType "swiss (rapid)"]
[EventRounds "9"]
[EventCountry "NET"]
[SourceTitle "CBM 202 Extra"]
[Source "ChessBase"]
[SourceDate "2021.07.31"]
[SourceVersion "1"]
[SourceVersionDate "2021.06.30"]
[SourceQuality "1"]

1. Nf3 Nf6 2. g3 b5 3. Bg2 Bb7 4. O-O e6 5. Na3 b4 ({RR} 5... a6 6. b3 c5 7. c4 Qb6 8. Bb2 d5 9. Nc2 Be7 10. cxd5 Bxd5 11. Ne3 Bb7 12. d4 Nbd7 13. d5 Bxd5 14. Nxd5 exd5 15. Nh4 Qe6 16. Qc2 O-O 17. Nf5 Rfe8 18. Bh3 Qc6 19. Rad1 Bf8 20. Bg2 {Markos,J (2571)-Bartel,M (2601) Prievidza 2009 0-1}) 6. Nc4 c5 $146 ({RR} 6... d6 7. Na5 Bxf3 8. Bxf3 d5 9. a3 bxa3 10. c4 Be7 11. b4 O-O 12. c5 Qd7 13. Rxa3 Nc6 14. Nxc6 Qxc6 15. d4 Rfb8 16. Qa4 Qb7 17. Bf4 Ne4 18. Rb1 Bf6 19. b5 g5 20. Be3 Be7 21. Qc2 {Lomsadze,D (2352)-Daghan,D (2058) Kesan 2018 1-0 (40)}) ({RR} 6... a5 7. Nce5 d6 8. Nxf7 Kxf7 9. Ng5+ Ke7 10. Bxb7 Ra7 11. Bg2 h6 12. Nh3 g5 13. d4 Bg7 14. e4 e5 15. f4 g4 16. Nf2 h5 17. fxe5 dxe5 18. d5 c5 19. Nd3 Nbd7 20. Be3 Rc7 21. d6+ {Ghevondyan,A (2216)-Schulz,M (2135) chess.com INT 2025 1-0}) 7. a3 d5 8. Nce5 Be7 9. d4 bxa3 10. bxa3 O-O 11. Rb1 Qc8 12. c4 Na6 13. Qb3 Rb8 14. Bf4 cxd4 15. Nxd4 Nc5 16. Nec6 Bxc6 17. Qxb8 Qd7 18. Qc7 Ba8 19. Rb8 Qxc7 20. Bxc7 Na6 21. Rxf8+ Bxf8 22. Bd8 Ne4 23. cxd5 Bxd5 24. Rc1 h6 25. Nc6 Bxa3 26. Ra1 Bxc6 27. Rxa3 Nac5 28. Be7 Bb5 29. f3 1-0

[Event "FIDE World Cup Europe Swiss playoff"]
[Site "Tornelo INT"]
[Date "2021.05.30"]
[Round "6"]
[White "Gabuzyan, Hovhannes"]
[Black "Braun, Arik"]
[Result "1-0"]
[WhiteElo "2590"]
[BlackElo "2609"]
[PlyCount "43"]
[EventDate "2021.05.30"]
[EventType "swiss (rapid)"]
[EventRounds "9"]
[EventCountry "NET"]
[SourceTitle "CBM 202 Extra"]
[Source "ChessBase"]
[SourceDate "2021.07.31"]
[SourceVersion "1"]
[SourceVersionDate "2021.06.30"]
[SourceQuality "1"]

1. Nf3 d5 2. g3 Nd7 3. Bg2 e5 4. d3 Ngf6 5. O-O c6 6. e4 Bd6 7. exd5 cxd5 8. c4 O-O ({RR} 8... d4 9. b4 Bxb4 10. Nxe5 O-O 11. Nxd7 Nxd7 12. Na3 Nc5 13. Rb1 a5 14. Nb5 Bf5 15. a3 Bc3 16. Nxc3 dxc3 17. Rb5 c2 18. Qd2 Bxd3 19. Rxc5 Bxf1 20. Kxf1 Qxd2 21. Bxd2 Rac8 22. Rxc8 Rxc8 23. Bd5 {Amin,B (2680)-Riazantsev,A (2634) Warsaw 2021 1-0 (42)}) 9. Re1 ({RR} 9. Nc3 d4 10. Nb5 Be7 11. Re1 a6 12. Na3 Bb4 13. Bd2 Bxa3 14. bxa3 Re8 15. Bb4 Qc7 16. a4 a5 17. Ba3 Nc5 18. Rb1 Bf5 19. Bxc5 Qxc5 20. Rb5 Qa3 21. Nxe5 Qxa2 22. Bxb7 Rad8 23. Nxf7 Bg4 {Jimenez Garcia,E (2370)-Subelj,J (2514) chess.com INT 2024 0-1}) 9... d4 10. a3 $146 ({RR} 10. Nh4 a5 11. Nd2 Nc5 12. Nb3 Na6 13. Bg5 a4 14. Nd2 Nc5 15. Ne4 Ncxe4 16. Bxe4 h6 17. Bxf6 Qxf6 18. Qh5 a3 19. bxa3 Rxa3 20. Re2 Re8 21. Rb1 Bf8 22. Qf3 Qxf3 23. Nxf3 Re7 24. Ne1 g5 {Finek,V (2416)-Suleymanli,A (2609) chess.com INT 2023 0-1 (67)}) 10... a5 11. Bg5 h6 12. Bxf6 Qxf6 13. Nbd2 Nc5 14. Nh4 a4 15. Ne4 Nxe4 16. Bxe4 g6 17. Rc1 Qe7 18. c5 Bxc5 19. Bxg6 fxg6 20. Nxg6 Qf6 21. Nxf8 Bxf8 22. Rxc8 1-0

[Event "FIDE World Cup Europe Swiss playoff"]
[Site "Tornelo INT"]
[Date "2021.05.30"]
[Round "7"]
[White "Sjugirov, Sanan"]
[Black "Svane, Rasmus"]
[Result "1-0"]
[WhiteElo "2663"]
[BlackElo "2615"]
[PlyCount "93"]
[EventDate "2021.05.30"]
[EventType "swiss (rapid)"]
[EventRounds "9"]
[EventCountry "NET"]
[SourceTitle "CBM 202 Extra"]
[Source "ChessBase"]
[SourceDate "2021.07.31"]
[SourceVersion "1"]
[SourceVersionDate "2021.06.30"]
[SourceQuality "1"]

1. Nf3 d5 2. g3 g6 3. c4 dxc4 4. Na3 Bg7 5. Nxc4 Nc6 6. d3 Nh6 7. Bg2 ({RR} 7. h4 Be6 8. Bd2 Ng4 9. Bg2 h5 10. O-O O-O 11. Rc1 Bd5 12. b4 Qd7 13. a4 a6 14. Qc2 Rac8 15. e3 b5 16. axb5 axb5 17. e4 Be6 18. Ne3 Nxe3 19. fxe3 Ne5 20. d4 Nc4 21. Ng5 Bg4 {Ding,L (2791)-Caruana,F (2835) chess24.com INT 2020 ½-½ (51)}) 7... Nf5 8. h4 h6 9. Bd2 a5 $146 ({RR} 9... e5 10. b4 Nfd4 11. Nxd4 exd4 12. Na5 Nxa5 13. bxa5 O-O 14. O-O Re8 15. Re1 a6 16. Qc1 Kh7 17. Rb1 c6 18. Rb6 Re5 19. a4 Qe7 20. Bf3 g5 21. hxg5 hxg5 22. Qb2 Kg8 23. Qxd4 Rxa5 24. Qb4 {Jepson,C (2391)-Trost,E (2432) Sweden SWE 2024 ½-½ (41)}) 10. Rc1 e5 11. Bc3 Qe7 12. b3 O-O 13. O-O Rd8 14. Qc2 Nfd4 15. Nxd4 exd4 16. Bb2 Nb4 17. Qd2 Nd5 18. Rfe1 Qb4 19. Bxd5 Rxd5 20. Qf4 Qe7 21. e4 Rd8 22. Ba3 Qd7 23. Nd2 c6 24. Nc4 Ra6 25. Bc5 Qe6 26. Qc7 Qd7 27. Qf4 Qe6 28. e5 Qd5 29. Be7 Bh3 30. f3 Rd7 31. Bf6 h5 32. Nd6 a4 33. Bxg7 Kxg7 34. Ne8+ Kf8 35. Nf6 Qe6 36. Nxd7+ Qxd7 37. b4 Be6 38. a3 Ra8 39. Re4 Rd8 40. Qf6 Kg8 41. Rce1 b6 42. R1e2 c5 43. bxc5 bxc5 44. g4 hxg4 45. h5 gxf3 46. h6 fxe2 47. Qg7# 1-0

[Event "FIDE World Cup Europe Swiss playoff"]
[Site "Tornelo INT"]
[Date "2021.05.30"]
[Round "9"]
[White "Zvjaginsev, Vadim"]
[Black "Gabuzyan, Hovhannes"]
[Result "1-0"]
[WhiteElo "2614"]
[BlackElo "2590"]
[PlyCount "147"]
[EventDate "2021.05.30"]
[EventType "swiss (rapid)"]
[EventRounds "9"]
[EventCountry "NET"]
[SourceTitle "CBM 202 Extra"]
[Source "ChessBase"]
[SourceDate "2021.07.31"]
[SourceVersion "1"]
[SourceVersionDate "2021.06.30"]
[SourceQuality "1"]

1. Nf3 c5 2. g3 g6 3. Bg2 Bg7 4. O-O Nc6 5. c3 e5 6. e4 Nge7 7. d3 O-O 8. a3 d5 9. b4 ({RR} 9. Re1 h6 10. b4 dxe4 11. dxe4 Be6 12. Be3 c4 13. a4 Qxd1 14. Rxd1 f5 15. Na3 f4 16. Bc5 b6 17. Bxe7 Nxe7 18. Nd2 Rac8 19. Bf1 fxg3 20. hxg3 Kh7 21. Ndxc4 Rfd8 22. Rxd8 Rxd8 23. Ne3 h5 {Radjabov,T (2710)-Bok,B (2598) Doha 2016 1-0 (63)}) 9... dxe4 10. dxe4 Qc7 ({RR} 10... Be6 11. Be3 cxb4 12. axb4 b6 13. Na3 h6 14. Qc1 Kh7 15. Rd1 Qc7 16. Nb5 Qb8 17. Qb2 a5 18. Na3 axb4 19. cxb4 Rd8 20. Rxd8 Qxd8 21. Nc2 Rxa1+ 22. Qxa1 Nc8 23. Bf1 Qd6 24. b5 Na5 25. Qe1 {Marin Ferragut,P (2211)-Giaccio,A (2333) Alicante ESP 2024 ½-½ (33)}) 11. Be3 Rd8 $146 ({RR} 11... cxb4 12. axb4 Be6 13. Na3 Rfd8 14. Qe2 h6 15. Nd2 Qd7 16. Rfd1 Qd3 17. Qxd3 Rxd3 18. Rdc1 Rad8 19. Ndc4 a6 20. Bf1 R3d7 21. Nb6 Rc7 22. Na4 Rf8 23. Bb6 Rcc8 24. Nc5 Rb8 25. Nxe6 fxe6 26. b5 {Apryshko,G (2392)-Anu,B (2038) St Petersburg 2016 ½-½ (56)}) 12. Nbd2 cxb4 13. axb4 b6 14. Re1 h6 15. Bf1 Be6 16. Qa4 a5 17. b5 Nb8 18. Bc4 Bxc4 19. Qxc4 Qb7 20. Qa2 Nd7 21. Nc4 Qc7 22. Red1 Nc5 23. h4 Rac8 24. Rxd8+ Rxd8 25. Qa3 Rc8 26. Bxc5 Qxc5 27. Qxc5 Rxc5 28. Nxb6 Rxb5 29. Na4 Nc6 30. Nd2 f5 31. f3 Kf7 32. Nc4 Ke6 33. g4 f4 34. Kf2 Bf8 35. Ke2 Rb8 36. Rd1 Be7 37. Rd5 Ra8 38. h5 gxh5 39. gxh5 Ra7 40. Rb5 Ra6 41. Rb7 Nd8 42. Rb8 Rc6 43. Nxa5 Ra6 44. Rb5 Bd6 45. c4 Nc6 46. Nxc6 Rxa4 47. c5 Ra2+ 48. Kf1 Bc7 49. Rb7 Kd7 50. Nb4 Ra1+ 51. Kg2 Kc8 52. c6 Rc1 53. Kh3 Bd6 54. Kg4 Bxb4 55. Rxb4 Kc7 56. Kf5 Rc3 57. Kxe5 Rxf3 58. Rb7+ Kxc6 59. Rh7 Rf1 60. Rxh6+ Kd7 61. Rh7+ Kd8 62. Rf7 f3 63. Ke6 Ke8 64. Rg7 Kf8 65. Rg3 f2 66. Rg2 Ra1 67. Rxf2+ Ke8 68. Rf6 Rh1 69. h6 Rh5 70. e5 Rh1 71. Rg6 Kf8 72. Kd7 Rd1+ 73. Rd6 Re1 74. e6 1-0

[Event "Polish World Cup Qual"]
[Site "Warsaw"]
[Date "2021.06.03"]
[Round "8"]
[White "Bartel, Mateusz"]
[Black "Gajewski, Grzegorz"]
[Result "1-0"]
[WhiteElo "2626"]
[BlackElo "2603"]
[PlyCount "91"]
[EventDate "2021.06.03"]
[EventType "tourn (rapid)"]
[EventRounds "9"]
[EventCountry "POL"]
[EventCategory "11"]
[SourceTitle "CBM 202 Extra"]
[Source "ChessBase"]
[SourceDate "2021.07.31"]
[SourceVersion "1"]
[SourceVersionDate "2021.06.30"]
[SourceQuality "1"]

1. Nf3 Nf6 2. b3 a5 3. Nc3 ({RR} 3. a3 g6 4. Bb2 Bg7 5. d4 O-O 6. g3 b5 7. e3 Ba6 8. Nbd2 d6 9. b4 c5 10. bxc5 dxc5 11. a4 b4 12. Bxa6 Nxa6 13. O-O cxd4 14. Nxd4 Qd5 15. Qe2 Nc5 16. Rfd1 Rfc8 17. N2b3 Nce4 {Nakamura,H (2750)-Andreikin,D (2729) Chess.com INT 2022 1-0 (60)}) 3... d5 4. e3 g6 $146 ({RR} 4... Nc6 5. Bb2 e5 6. Bb5 e4 7. Ne5 Bd7 8. Nxd7 Qxd7 9. Ne2 Bd6 10. Bxf6 gxf6 11. Nd4 Be5 12. c3 Bxd4 13. cxd4 O-O 14. Qh5 Qe6 15. Bxc6 bxc6 16. O-O a4 17. b4 a3 18. f3 Rab8 19. fxe4 {Thybo,J (2559)-Nozdrachev,L (2367) Chess.com INT 2022 1-0}) ({RR} 4... c6 5. Bb2 Bg4 6. h3 Bxf3 7. gxf3 Nbd7 8. f4 e5 9. fxe5 Nxe5 10. d4 Ng6 11. h4 h5 12. Be2 Bd6 13. Qd2 a4 14. Nxa4 Ne4 15. Qd3 Qf6 16. Rf1 Nxh4 17. Nc3 Ng2+ 18. Kd1 Nxf2+ 19. Kd2 {Danila,T (2178)-Thorhallsson,S (2218) chess.com INT 2025 1-0 (74)}) 5. Bb2 Bg7 6. g3 O-O 7. Bg2 Bg4 8. O-O e5 9. h3 Bxf3 10. Qxf3 c6 11. Qd1 Nbd7 12. d4 e4 13. f4 exf3 14. Qxf3 Qe7 15. Rae1 Rae8 16. a4 Ne4 17. Nxe4 dxe4 18. Qf2 f5 19. c4 Nf6 20. Bc3 b6 21. Rb1 Nh5 22. Rfd1 Qc7 23. Be1 c5 24. dxc5 bxc5 25. Rd5 Be5 26. Qd2 Bxg3 27. Qxa5 Bh2+ 28. Kh1 Ng3+ 29. Kxh2 Nf1+ 30. Kg1 Qh2+ 31. Kxf1 f4 32. exf4 Rxf4+ 33. Ke2 Qxg2+ 34. Kd1 e3 35. Qc3 Ree4 36. Rb2 Rd4+ 37. Kc1 Qf3 38. Rc2 Qd1+ 39. Kb2 Rf1 40. Rc1 Qe2+ 41. Ka3 Rxd5 42. cxd5 c4 43. bxc4 Rg1 44. Rb1 Rg2 45. Rb8+ Kf7 46. Rb7+ 1-0

[Event "Gelfand Challenge"]
[Site "chess24.com INT"]
[Date "2021.06.11"]
[Round "9"]
[White "Praggnanandhaa, Rameshbabu"]
[Black "Keymer, Vincent"]
[Result "1-0"]
[WhiteElo "2608"]
[BlackElo "2591"]
[PlyCount "79"]
[EventDate "2021.06.10"]
[EventType "tourn (rapid)"]
[EventRounds "19"]
[EventCountry "GER"]
[EventCategory "11"]
[SourceTitle "CBM 202 Extra"]
[Source "ChessBase"]
[SourceDate "2021.07.31"]
[SourceVersion "1"]
[SourceVersionDate "2021.06.30"]
[SourceQuality "1"]

1. Nf3 d5 2. h3 c6 ({RR} 2... Nf6 3. e3 e6 4. c4 Bd6 5. b3 O-O 6. Bb2 c5 7. cxd5 exd5 8. d4 Nc6 9. Nbd2 cxd4 10. Nxd4 Nxd4 11. Bxd4 Qe7 12. Bd3 Be5 13. Nf3 Bxd4 14. Nxd4 Bd7 15. O-O Rac8 16. Qd2 Rc7 17. Rac1 {Nakamura,H (2788)-Bluebaum,M (2658) chess.com INT 2024 ½-½ (115)}) 3. d4 ({RR} 3. g4 h6 4. Bg2 Nf6 5. d3 Nbd7 6. O-O e6 7. Re1 Bd6 8. e4 dxe4 9. dxe4 Ne5 10. Nbd2 Nxf3+ 11. Qxf3 e5 12. Nc4 Qc7 13. Rd1 Be7 14. Qg3 Nd7 15. g5 hxg5 16. Bxg5 Bxg5 17. Qxg5 O-O {Maltsevskaya,A (2393)-Yurukova,G (1578) FIDE Online Arena INT 2024 1-0}) 3... Bf5 4. c4 $146 ({RR} 4. Bf4 Qb6 5. Qc1 Nd7 6. c3 h6 7. e3 Ngf6 8. a4 a5 9. Be2 e6 10. O-O Be7 11. Kh2 g5 12. Be5 g4 13. Nh4 Nxe5 14. dxe5 Qc7 15. f4 Bxb1 16. Qxb1 Ne4 17. g3 Bxh4 18. gxh4 Nd2 {Bullen,A (2146)-Pham Le Thao Nguyen (2395) chess.com INT 2023 0-1}) 4... e6 5. Nc3 Nf6 6. g4 Bg6 7. Qb3 Qb6 8. c5 Qc7 9. Bf4 Qc8 10. Ne5 Nbd7 11. Nxg6 hxg6 12. Bg2 e5 13. dxe5 Nxc5 14. Qc2 Nfd7 15. Bg3 Ne6 16. f4 Qd8 17. e3 Bc5 18. Qe2 Qb6 19. f5 Nc7 20. Bf4 g5 21. Bxg5 Nxe5 22. O-O-O f6 23. Bf4 O-O-O 24. Na4 Qa5 25. Nxc5 Qxc5+ 26. Kb1 Rhe8 27. Qc2 Nc4 28. Ka1 Na6 29. Rc1 Qa5 30. e4 Nb6 31. Rhd1 d4 32. a3 Nc7 33. Bh2 Qb5 34. Rd3 Qa4 35. Qxa4 Nxa4 36. Rc4 b5 37. Rxc6 Re7 38. Rd1 Kb7 39. e5 Nd5 40. Rd6 1-0

[Event "Speed Chess (Women) Main"]
[Site "Chess.com INT"]
[Date "2021.06.24"]
[Round "2.37"]
[White "Dzagnidze, Nana"]
[Black "Lagno, Kateryna"]
[Result "1-0"]
[WhiteElo "2524"]
[BlackElo "2558"]
[PlyCount "63"]
[EventDate "2021.06.12"]
[EventType "k.o. (blitz)"]
[EventRounds "4"]
[EventCountry "USA"]
[SourceTitle "CBM 203 Extra"]
[Source "ChessBase"]
[SourceDate "2021.09.30"]
[SourceVersion "1"]
[SourceVersionDate "2021.09.30"]
[SourceQuality "1"]

1. Nf3 Nf6 2. g3 g6 3. Bg2 Bg7 4. O-O O-O 5. d4 d5 6. b3 c5 7. Bb2 Ne4 8. c4 dxc4 9. bxc4 Nc6 ({RR} 9... Qb6 10. Qb3 Nc6 11. e3 Rd8 12. Qxb6 axb6 13. Rd1 Nb4 14. Nc3 Nxc3 15. Bxc3 Nc2 16. Rac1 Rxa2 17. Rd2 Bf5 18. g4 Be4 19. Ne1 Bxg2 20. Nxg2 cxd4 21. exd4 Nxd4 22. Rxa2 Nf3+ 23. Kf1 Bxc3 24. Rxc3 {Ladan,N (2187)-Andrade,I (2161) chess.com INT 2024 1-0 (46)}) 10. e3 Nd6 11. Nbd2 Na5 $146 ({RR} 11... Bg4 12. Rc1 cxd4 13. exd4 Nxd4 14. h3 Bxf3 15. Nxf3 e5 16. Nxd4 exd4 17. Bxd4 Bxd4 18. Qxd4 Qb6 19. Rfd1 Nf5 20. Qc3 Rad8 21. a3 Rxd1+ 22. Rxd1 Qc7 23. Rc1 b6 24. a4 Rd8 25. Bd5 Ne7 26. Bg2 {Svec,D (1927)-Ghadimi,M (2140) Kaunas 2013 ½-½}) 12. Qe2 Be6 13. Rfc1 Rc8 14. Ne5 cxd4 15. exd4 Nf5 16. d5 Bd7 17. Ndf3 Ba4 18. g4 Nd6 19. c5 Bb5 20. Qe1 Ndc4 21. Nxc4 Nxc4 22. Bxg7 Kxg7 23. Rxc4 Bxc4 24. Qc3+ f6 25. Qxc4 Qa5 26. Nd4 Rfe8 27. Ne6+ Kh8 28. g5 Qa3 29. Qd4 b6 30. gxf6 bxc5 31. Qe5 Kg8 32. f7+ 1-0

[Event "Speed Chess (Women) Main"]
[Site "Chess.com INT"]
[Date "2021.07.01"]
[Round "3.56"]
[White "Harika, Dronavalli"]
[Black "Lagno, Kateryna"]
[Result "1-0"]
[WhiteElo "2515"]
[BlackElo "2558"]
[PlyCount "85"]
[EventDate "2021.06.12"]
[EventType "k.o. (blitz)"]
[EventRounds "4"]
[EventCountry "USA"]
[SourceTitle "CBM 203 Extra"]
[Source "ChessBase"]
[SourceDate "2021.09.30"]
[SourceVersion "1"]
[SourceVersionDate "2021.09.30"]
[SourceQuality "1"]

1. Nf3 Nf6 2. g3 g6 3. b3 Bg7 4. Bb2 c5 5. Bg2 Nc6 6. O-O d5 7. c4 dxc4 8. bxc4 O-O 9. d3 Qc7 10. Nc3 ({RR} 10. Nbd2 b6 11. Qc2 Bb7 12. Bc3 Rad8 13. Qb2 Ne8 14. Ne4 Bxc3 15. Nxc3 Nf6 16. Rfd1 Rfe8 17. Rab1 Qb8 18. Qd2 Kg7 19. Qb2 Kg8 20. Rd2 Nd4 21. Ne1 h5 22. h3 e5 23. e4 h4 24. Kh2 Nh5 {Artemiev,V (2731)-Giri,A (2776) Bucharest 2019 1-0 (43)}) 10... b6 ({RR} 10... a6 11. Na4 b6 12. Rb1 Rb8 13. Nc3 Be6 14. Ng5 Bd7 15. Nge4 e6 16. Nxf6+ Bxf6 17. Nd5 exd5 18. Bxf6 Qd6 19. Bg5 d4 20. e3 f6 21. Bf4 Ne5 22. Bd5+ Be6 23. Bxe6+ Qxe6 24. exd4 cxd4 25. Re1 {Reuter,J (2091)-Van Geffen,J Helmond NED 2024 ½-½ (87)}) ({RR} 10... a6 11. Rb1 Bg4 12. h3 Bd7 13. a3 Rad8 14. Qc1 Qc8 15. Kh2 Bf5 16. Nd5 Nxd5 17. Bxg7 Kxg7 18. cxd5 Nb8 19. Qb2+ Kg8 20. Qxb7 Nd7 21. Qxc8 Rxc8 22. e4 {1-0 (22) Harika,D (2515)-Assaubayeva,B (2381) Chess.com INT 2021}) 11. Rc1 $146 ({RR} 11. Nd5 Qd6 12. Nxf6+ Bxf6 13. Bxf6 Qxf6 14. Ne5 Qxe5 15. Bxc6 Rb8 16. a4 Bb7 17. Bxb7 Rxb7 18. Rb1 Rd7 19. a5 Rd6 20. Qc2 Rfd8 21. Rb5 Re6 22. Rb2 h5 23. Rfb1 Rdd6 24. axb6 axb6 25. h4 g5 {Spata,G (2356)-Langner,L (2368) chess.com INT 2023 1-0 (58)}) 11... Bb7 12. Nd5 Qd8 13. Nxf6+ exf6 14. Nd2 f5 15. Bxg7 Kxg7 16. Nb1 Re8 17. Nc3 Qd7 18. Nd5 Ne7 19. e4 Nxd5 20. cxd5 Rad8 21. Qc2 Qd6 22. a4 Qe5 23. f4 Qd4+ 24. Kh1 Ba6 25. Rfd1 h5 26. h4 Qe3 27. Kh2 c4 28. dxc4 fxe4 29. Re1 Qc5 30. Rxe4 Rxe4 31. Qxe4 Rc8 32. Qe5+ Kg8 33. f5 gxf5 34. Qxf5 Qe3 35. Rf1 Rf8 36. Rf4 Qe7 37. Be4 f6 38. Qxh5 Bc8 39. Bf5 Bxf5 40. Qxf5 Qe2+ 41. Kh3 Kf7 42. Qh7+ Ke8 43. Re4+ 1-0

[Event "GER-ch Net blitz Final"]
[Site "Playchess.com INT"]
[Date "2021.06.13"]
[Round "6"]
[White "Meier, Georg"]
[Black "Bluebaum, Matthias"]
[Result "1-0"]
[WhiteElo "2665"]
[BlackElo "2615"]
[PlyCount "147"]
[EventDate "2021.06.13"]
[EventType "tourn (blitz)"]
[EventRounds "13"]
[EventCountry "GER"]
[SourceTitle "CBM 202 Extra"]
[Source "ChessBase"]
[SourceDate "2021.07.31"]
[SourceVersion "1"]
[SourceVersionDate "2021.06.30"]
[SourceQuality "1"]

1. Nf3 d5 2. g3 Bg4 3. Bg2 e6 4. h3 Bh5 5. c4 c6 6. O-O Nf6 7. d4 Nbd7 8. cxd5 exd5 9. Qb3 Qb6 10. Qe3+ Be7 11. Nh4 Bg6 12. Nc3 Qd8 13. Nxg6 hxg6 14. Qd3 O-O 15. h4 $146 ({RR} 15. a3 Nb6 16. h4 Re8 17. Rd1 Qd7 18. b4 a6 19. Rb1 Bd6 20. a4 Qf5 21. a5 Qxd3 22. Rxd3 Nc4 23. e3 Bf8 24. Na4 Ne4 25. Nc5 Ned6 26. Bf3 f5 27. Kg2 Kf7 28. Rbb3 Be7 29. Rd1 Rh8 {Sadzikowski,D (2488)-Nasuta,G (2552) Katowice POL 2024 0-1 (63)}) 15... Re8 16. Bf3 Nf8 17. Kg2 Ne6 18. Rb1 a5 19. Bd2 Bd6 20. Rh1 Qb6 21. e3 Qc7 22. h5 gxh5 23. Bxh5 Nxh5 24. Rxh5 g6 25. Rh2 Kg7 26. Rbh1 Rh8 27. e4 dxe4 28. Nxe4 Rxh2+ 29. Rxh2 Rh8 30. Rxh8 Kxh8 31. Bc3 Ng7 32. d5 cxd5 33. Qxd5 Bb4 34. Bxb4 axb4 35. Qd6 Ne6 36. Qxc7 Nxc7 37. Nd6 Kg7 38. Nxb7 Kf6 39. Nc5 Nd5 40. Kf3 Ke5 41. Ke2 Kd4 42. Nb3+ Kc4 43. Nd2+ Kd4 44. Nf3+ Ke4 45. Ng5+ Kf5 46. Nxf7 Ke6 47. Ng5+ Kf5 48. Nf3 Ke4 49. Nh4 g5 50. Nf3 g4 51. Nd2+ Kd4 52. f3 gxf3+ 53. Nxf3+ Ke4 54. Nd2+ Kd4 55. g4 Nf4+ 56. Kf3 Nd3 57. b3 Nc1 58. Kf4 Nxa2 59. g5 Nc3 60. g6 Nd5+ 61. Kg5 Ke5 62. Nc4+ Ke6 63. Na5 Ke7 64. Kh6 Kf8 65. Kh7 Nf6+ 66. Kh8 Ke7 67. Nc6+ Kd6 68. Nxb4 Kc5 69. Nc2 Kb5 70. g7 Kb6 71. g8=Q Nxg8 72. Kxg8 Ka5 73. Kg7 Ka6 74. Kf6 1-0

[Event "Titled Tuesday intern op 15th June"]
[Site "Chess.com INT"]
[Date "2021.06.15"]
[Round "8"]
[White "Nakamura, Hikaru"]
[Black "Rustemov, Alexander"]
[Result "1-0"]
[WhiteElo "2736"]
[BlackElo "2525"]
[PlyCount "69"]
[EventDate "2021.06.15"]
[EventType "swiss (blitz)"]
[EventRounds "11"]
[EventCountry "USA"]
[SourceTitle "CBM 203 Extra"]
[Source "ChessBase"]
[SourceDate "2021.09.30"]
[SourceVersion "1"]
[SourceVersionDate "2021.09.30"]
[SourceQuality "1"]

1. e4 e6 2. d3 d5 3. Nd2 c5 4. Ngf3 Nc6 5. g3 g6 6. Bg2 Bg7 7. O-O Nge7 8. Re1 b6 9. Qe2 Qc7 ({RR} 9... Bb7 10. a3 h6 11. h4 Qc7 12. Rb1 a5 13. exd5 Nxd5 14. c3 O-O 15. a4 Rad8 16. Nc4 Rfe8 17. Nfd2 Re7 18. Nf3 Qb8 19. Nh2 Ba6 20. Bd2 Red7 21. Rbd1 b5 22. axb5 Bxb5 23. Ng4 h5 24. Nh2 {Hracek,Z (2635)-Dgebuadze,A (2435) Pardubice 1995 ½-½ (49)}) ({RR} 9... a5 10. exd5 exd5 11. Nf1 O-O 12. Bg5 Ra7 13. Qd2 Bxb2 14. c3 Bxa1 15. Rxa1 f6 16. Bh6 Re8 17. Qb2 Nf5 18. Bf4 Be6 19. h4 Bf7 20. N3h2 h5 21. c4 Ncd4 22. Ne3 dxc4 23. dxc4 Nxe3 24. Bxe3 {Miserendino,A (2032)-Beulen,M (2359) chess.com INT 2025 0-1 (41)}) 10. Nf1 dxe4 11. dxe4 e5 $146 ({RR} 11... Nd4 12. Qd1 Bb7 13. c3 Nxf3+ 14. Qxf3 O-O 15. Qe2 Rad8 16. h4 h5 17. Bg5 Rd7 18. g4 f6 19. Bc1 hxg4 20. Qxg4 f5 21. Qh3 Qe5 22. Bg5 fxe4 23. Ng3 Nf5 24. Nxe4 Qc7 25. Qg4 Bd5 26. Bf4 {Lee,P-Whiteley,A London 1968 ½-½ (33)}) 12. c3 h6 13. Ne3 Be6 14. Nd5 Qc8 15. Rd1 O-O 16. Be3 Rd8 17. Ne1 Kh7 18. Rd2 Rd7 19. Rad1 Qb7 20. h4 Rad8 21. h5 g5 22. Nc2 Kh8 23. Na3 Na5 24. b3 Nac6 25. Nb5 a6 26. Na3 Na5 27. Nc2 Nac6 28. a3 Na5 29. Rb1 Nxd5 30. exd5 Bf5 31. b4 cxb4 32. cxb4 Rxd5 33. Rxd5 Rxd5 34. bxa5 b5 35. Nb4 1-0